Reconstruction of electron beam energy spectra for vacuumand gas diodes; Laser and Particle Beams; Vol. 33, № 2

Podrobná bibliografie
Parent link:Laser and Particle Beams
Vol. 33, № 2.— 2015.— P. 183-192
Další autoři: Kozyrev A. V., Kozhevnikov V. Yu., Vorobjev (Vorobyov) M. S. Maksim Sergeevich, Baksht E. Kh., Burachenko A. G., Koval N. N. Nikolay Nikolaevich, Tarasenko V. F. Victor Fedotovich
Shrnutí:Title screen
n this paper, the spectra of electron beams produced in vacuum and gas diodes were analyzed to study the capabilities and limitations of their reconstruction from beam attenuation in foils of different thickness. The electron energy distributions were calculated using the Tikhonov regularization for Fredholm integral equations on minimum a priori assumptions. The spectra reconstructed in the study were those of electron beams, including a supershort avalanche electron beam, produced in experiments on a DUET plasma-cathode electron accelerator and SLEP-150M accelerator
AM_Agreement
Jazyk:angličtina
Vydáno: 2015
Témata:
On-line přístup:http://dx.doi.org/10.1017/S0263034615000324
Médium: MixedMaterials Elektronický zdroj Kapitola
KOHA link:https://koha.lib.tpu.ru/cgi-bin/koha/opac-detail.pl?biblionumber=648998

MARC

LEADER 00000naa0a2200000 4500
001 648998
005 20260126123024.0
035 |a (RuTPU)RU\TPU\network\14157 
035 |a RU\TPU\network\14151 
090 |a 648998 
100 |a 20160614d2015 k||y0rusy50 ba 
101 0 |a eng 
135 |a drcn ---uucaa 
181 0 |a i   |b  e  
182 0 |a b 
183 0 |a cr  |2 RDAcarrier 
200 1 |a Reconstruction of electron beam energy spectra for vacuumand gas diodes  |f A. V. Kozyrev [et al.] 
203 |a Текст  |c электронный  |b визуальный 
283 |a online_resource  |2 RDAcarrier 
300 |a Title screen 
320 |a References: p. 191-192 
330 |a n this paper, the spectra of electron beams produced in vacuum and gas diodes were analyzed to study the capabilities and limitations of their reconstruction from beam attenuation in foils of different thickness. The electron energy distributions were calculated using the Tikhonov regularization for Fredholm integral equations on minimum a priori assumptions. The spectra reconstructed in the study were those of electron beams, including a supershort avalanche electron beam, produced in experiments on a DUET plasma-cathode electron accelerator and SLEP-150M accelerator 
371 0 |a AM_Agreement 
461 1 |t Laser and Particle Beams 
463 1 |t Vol. 33, № 2  |v P. 183-192  |d 2015 
610 1 |a электронный ресурс 
610 1 |a труды учёных ТПУ 
610 1 |a электронный пучок 
610 1 |a газовые диоды 
701 1 |a Kozyrev  |b A. V. 
701 1 |a Kozhevnikov  |b V. Yu. 
701 1 |a Vorobjev (Vorobyov)  |b M. S.  |c specialist in the field of electronics  |c Professor of Tomsk Polytechnic University, Doctor of Technical Sciences  |f 1986-  |g Maksim Sergeevich  |9 89110 
701 1 |a Baksht  |b E. Kh. 
701 1 |a Burachenko  |b A. G. 
701 1 |a Koval  |b N. N.  |c specialist in the field of electronics  |c Professor of Tomsk Polytechnic University, Doctor of technical sciences  |f 1948-  |g Nikolay Nikolaevich  |3 (RuTPU)RU\TPU\pers\34748  |9 18098 
701 1 |a Tarasenko  |b V. F.  |c physicist  |c Professor of Tomsk Polytechnic University, Doctor of physical and mathematical sciences  |f 1946-  |g Victor Fedotovich  |3 (RuTPU)RU\TPU\pers\32090  |9 16129 
801 2 |a RU  |b 63413507  |c 20170202  |g RCR 
856 4 |u http://dx.doi.org/10.1017/S0263034615000324  |z http://dx.doi.org/10.1017/S0263034615000324 
942 |c CF